Statistics for God Save The Queen!!!

Click here to take the quiz!

General Stats

  • This quiz has been taken 21 times
    (8 since last reset)
  • The average score is 9 of 15

Answer Stats

HintAnswer% Correct
The first wife of Henry VIIICatherine of Aragon
88%
Known as "Bloody Mary"Mary I
75%
The second longest reigning monarch of EnglandQueen Victoria
75%
She outlived her husband, Henry VIIICatherine Parr
63%
The York Princess, Wife of Henry VIIElizabeth of York
63%
Married Edward IVElizabeth Woodville
63%
Ruled alongside her husband William IIIMary II
63%
The mother of Queen ElizabethAnne Boleyn
50%
The Kingmakers daughter, wife of Richard IIIAnne Neville
50%
Married Henry II, mother of Richard IEleanor of Aquitaine
50%
Queen for nine daysLady Jane Grey
50%
Married to Henry VIMargaret of Anjou
50%
Spouse of the first Stuart monarch in EnglandAnne of Denmark
38%
Wife of Henry VCatherine of Valois
38%
Wife of the first Norman King of EnglandMatilda of Flanders
38%

Score Distribution

Percentile by Number Answered

Percent of People with Each Score

Your Score History

You have not taken this quiz since the last reset